[Event "Memorial Tal - Rapid"]
[Site "Mosca"]
[Date "02.03.2018"]
[Round "1R"]
[White "Mamedyarov,S"]
[Black "Kramnik,V"]
[Result "1/2-1/2"]
[WhiteElo "2809"]
[BlackElo "2800"]
[EventDate "2018.03.02"]

1. d4 Nf6 2. Bg5 d5 3. Bxf6 exf6 4. e3 c6 5. Bd3 Bd6 6. Nd2 O-O 7. Qf3 a5
8. Ne2 Na6 9. c3 Nc7 10. h4 Re8 11. g4 Ne6 12. O-O-O b5 13. Rdg1 g6 14. h5
Ng5 15. Qg2 b4 16. c4 Ba6 17. Kb1 Ra7 18. Nc1 dxc4 19. Bxc4 Bxc4 20. Nxc4
Bf8 21. Rd1 a4 22. Ne2 a3 23. b3 Qd5 24. Qxd5 cxd5 25. Nd2 Bd6 26. Rc1 Rc7
27. Rxc7 Bxc7 28. Kc2 Kg7 29. Kd3 f5 30. gxf5 gxf5 31. Rc1 Bd6 32. f4 Ne4
33. Nxe4 fxe4+ 34. Kd2 Kf6 35. Rg1 h6 36. Rg2 Rc8 37. Rg1 Be7 38. Rg2 Bd6
39. Ng1 Rc3 40. Rg8 Rd3+ 41. Ke2 Rc3 42. Kd2 Rd3+ 43. Ke2 Rc3 1/2-1/2

[Event "Memorial Tal - Rapid"]
[Site "Mosca"]
[Date "02.03.2018"]
[Round "1R"]
[White "Svidler,P"]
[Black "Nepomniachtchi,I"]
[Result "1/2-1/2"]
[WhiteElo "2760"]
[BlackElo "2751"]
[EventDate "2018.03.02"]

1. c4 e5 2. g3 Nc6 3. Nc3 Bb4 4. Bg2 Nge7 5. Nd5 Bc5 6. Nf3 O-O 7. O-O d6
8. e3 a6 9. b3 Bg4 10. h3 Bh5 11. g4 Bg6 12. d4 exd4 13. exd4 Ba7 14. Nxe7+
Nxe7 15. Re1 c6 16. Bf4 Qd7 17. Qd2 Rae8 18. Re3 f6 19. Rae1 Bf7 20. Bg3
Bb8 21. d5 cxd5 22. cxd5 Ba7 23. Nd4 h5 24. gxh5 Bxd4 25. Qxd4 Bxh5 26. Re6
Nf5 27. Qf4 Nxg3 28. fxg3 Bf7 1/2-1/2

[Event "Memorial Tal - Rapid"]
[Site "Mosca"]
[Date "02.03.2018"]
[Round "1R"]
[White "Nakamura,Hi"]
[Black "Gelfand,B"]
[Result "1-0"]
[WhiteElo "2787"]
[BlackElo "2695"]
[EventDate "2018.03.02"]

1. d4 Nf6 2. c4 e6 3. Nf3 d5 4. Nc3 c6 5. Bg5 h6 6. Bh4 dxc4 7. e4 g5 8.
Bg3 b5 9. Be2 Bb7 10. e5 Nd5 11. O-O Nxc3 12. bxc3 c5 13. a4 a6 14. Qb1 h5
15. axb5 h4 16. Bxc4 hxg3 17. fxg3 cxd4 18. bxa6 Bc6 19. Nxd4 Bc5 20. Qd3
Bd5 21. Kh1 Bxc4 22. Qxc4 Qd5 23. Qb5+ Nd7 24. Nf3 Ba7 25. Qa4 O-O-O 26. c4
Qe4 27. Rfe1 Nc5 28. Rxe4 Nxa4 29. Nxg5 Nc3 30. Rf4 Ne2 31. Rf3 Rd7 32. h4
Bd4 33. Rd1 Nxg3+ 34. Rxg3 Bxe5 35. Rxd7 Bxg3 36. Rd4 Rxh4+ 37. Rxh4 Bxh4
38. Nxf7 Kb8 39. g4 Ka7 40. g5 Kxa6 41. Kg2 Kb6 42. g6 Bf6 43. Ng5 Kc6 44.
Kf3 Kd7 45. Ne4 Bb2 46. Kg4 Bg7 47. Kg5 Kc6 48. Kg4 Kd7 49. Kf4 Ke7 50. Kg5
Kd7 51. Nc5+ Kd6 52. Nd3 Kc6 53. Kf4 Kd6 54. Ke4 Ke7 55. Nf4 Kf6 56. c5 Ke7
57. Nh5 Bc3 58. g7 Kf7 59. c6 Ba5 60. Kd4 Bd8 61. Kc4 Ba5 62. Kb5 Bd8 63.
Nf4 Bc7 64. Nxe6 Bg3 65. Kb6 1-0

[Event "Memorial Tal - Rapid"]
[Site "Mosca"]
[Date "02.03.2018"]
[Round "1R"]
[White "Karjakin,Sergey"]
[Black "Grischuk,A"]
[Result "1/2-1/2"]
[WhiteElo "2763"]
[BlackElo "2767"]
[EventDate "2018.03.02"]

1. e4 e5 2. Nf3 Nf6 3. Nxe5 d6 4. Nf3 Nxe4 5. Nc3 Nxc3 6. dxc3 Be7 7. Be3
Nc6 8. Bd3 Bf6 9. Qd2 Be6 10. O-O-O Qd7 11. Bg5 Qe7 12. Qf4 Bxg5 13. Nxg5
O-O-O 14. Rhe1 Ne5 15. Kb1 h6 16. Nxe6 fxe6 17. Qe3 Kb8 18. f4 Nxd3 19.
Rxd3 Rhe8 20. Rd4 Qh4 21. h3 Qf6 22. Re4 a6 23. b3 Re7 24. Rxe6 Rxe6 25.
Qxe6 Qxc3 26. Qe7 Rc8 27. f5 Qg3 28. Re2 Qf4 29. g4 h5 30. Re4 Qf1+ 31. Kb2
Qxh3 32. Qxg7 Qf3 33. Qd4 hxg4 34. Rf4 Qe2 35. Rxg4 Rf8 36. f6 Qe5 37. Qxe5
dxe5 38. Re4 Rxf6 39. Rxe5 Rf7 40. Re4 Rf6 41. Re5 Rf7 42. Re4 Rf6 43. Re5
1/2-1/2

[Event "Memorial Tal - Rapid"]
[Site "Mosca"]
[Date "02.03.2018"]
[Round "2R"]
[White "Kramnik,V"]
[Black "Grischuk,A"]
[Result "0-1"]
[WhiteElo "2800"]
[BlackElo "2767"]
[EventDate "2018.03.02"]

1. Nf3 Nf6 2. d4 g6 3. Bf4 Bg7 4. c3 O-O 5. e3 d6 6. h3 c5 7. dxc5 dxc5 8.
Qxd8 Rxd8 9. Bc7 Rd7 10. Bh2 Rd8 11. Nbd2 Nc6 12. Bc4 b6 13. O-O-O Bb7 14.
Rhe1 Nd7 15. Kc2 a6 16. Ng5 Nce5 17. Bf1 b5 18. Nb3 Rac8 19. Na5 Ba8 20. f4
h6 21. fxe5 hxg5 22. e6 fxe6 23. c4 b4 24. Nb3 Be4+ 25. Kc1 a5 26. Nxa5 Ne5
27. Rxd8+ Rxd8 28. Nb3 Rc8 29. Rd1 Bf6 30. Be2 Bxg2 31. Bxe5 Bxe5 32. Bg4
Kg7 33. Rg1 Ba8 34. Bxe6 Rc7 35. Nd2 Bc6 36. Bd5 Bd7 37. Rxg5 Bf6 38. Rg3
Ra7 39. Ne4 Rxa2 40. Nxc5 Bc8 41. Be4 g5 42. Nd3 b3 43. c5 Ra4 44. Bd5 Ba6
45. c6 Bxd3 46. e4 Bxe4 47. c7 Bxd5 48. c8=Q Rc4+ 49. Qxc4 Bxc4 50. h4 Kg6
51. Kd2 Bxb2 52. Rxg5+ Kh6 53. Rc5 Bf7 54. Rb5 Bf6 55. h5 b2 0-1

[Event "Memorial Tal - Rapid"]
[Site "Mosca"]
[Date "02.03.2018"]
[Round "2R"]
[White "Gelfand,B"]
[Black "Karjakin,Sergey"]
[Result "1/2-1/2"]
[WhiteElo "2695"]
[BlackElo "2763"]
[EventDate "2018.03.02"]

1. d4 Nf6 2. c4 e6 3. g3 Bb4+ 4. Bd2 Be7 5. Bg2 d5 6. Nf3 O-O 7. O-O Nbd7
8. c5 c6 9. Nc3 b6 10. b4 a5 11. a3 Ne4 12. Qc2 Nxc3 13. Bxc3 Ba6 14. Rfe1
Bb5 15. e4 axb4 16. axb4 Rxa1 17. Rxa1 dxe4 18. Qxe4 Nf6 19. Qc2 Nd5 20.
Bd2 Bf6 21. h4 h6 22. Ra3 Qe7 23. Qa2 Rd8 24. Ra7 Rd7 25. Ra8+ Rd8 26. Ra7
Rd7 27. Ra8+ Rd8 28. Ra7 1/2-1/2

[Event "Memorial Tal - Rapid"]
[Site "Mosca"]
[Date "02.03.2018"]
[Round "2R"]
[White "Dubov,Daniil"]
[Black "Nakamura,Hi"]
[Result "1-0"]
[WhiteElo "2701"]
[BlackElo "2787"]
[EventDate "2018.03.02"]

1. c4 Nf6 2. Nc3 e6 3. e4 d5 4. e5 d4 5. exf6 dxc3 6. bxc3 Qxf6 7. d4 e5 8.
Nf3 Nc6 9. Be2 exd4 10. Bg5 Qg6 11. O-O dxc3 12. Bd3 Qd6 13. Re1+ Be7 14.
c5 Qxc5 15. Bxe7 Nxe7 16. Re5 Qd6 17. Bb5+ Kf8 18. Qe2 f6 19. Rd1 fxe5 20.
Nxe5 Bf5 21. Rxd6 cxd6 22. Nd7+ Kf7 23. Qc4+ Be6 24. Qf4+ Nf5 25. g4 Rad8
26. gxf5 Bxd7 27. Bc4+ d5 28. Bxd5+ Kf6 29. Qd6+ Kxf5 30. Bc4 Rhe8 31. Bd3+
Kg5 32. h4+ Kh5 33. Qg3 Bg4 34. f3 Rd4 35. Kf2 c2 36. Bxc2 Rf8 1-0

[Event "Memorial Tal - Rapid"]
[Site "Mosca"]
[Date "02.03.2018"]
[Round "3R"]
[White "Svidler,P"]
[Black "Kramnik,V"]
[Result "0-1"]
[WhiteElo "2760"]
[BlackElo "2800"]
[EventDate "2018.03.02"]

1. Nf3 d5 2. g3 Nf6 3. Bg2 e6 4. O-O Be7 5. d3 O-O 6. Nbd2 c5 7. e4 Nc6 8.
Re1 Qc7 9. e5 Nd7 10. Qe2 b5 11. Nf1 Bb7 12. Bf4 Rfc8 13. Ne3 Qd8 14. h4 h6
15. c3 b4 16. c4 Nb6 17. Rad1 Rc7 18. Ng4 Qf8 19. Qe3 Nd4 20. Nxd4 cxd4 21.
Qe2 Rd8 22. b3 a5 23. Nh2 Kh8 24. Qh5 Qg8 25. Ng4 Bf8 26. c5 Nd7 27. Nh2
Nxc5 28. Qe2 Ba6 29. Nf3 Qh7 30. Bf1 Ne4 31. Rc1 Rc3 32. Nxd4 Bc5 33. Qe3
Rxc1 34. Qxc1 Nc3 35. Be3 Bxd3 36. Nxe6 fxe6 37. Bxc5 Bxf1 38. Kxf1 d4 39.
Bd6 Qf5 40. Kg2 Rc8 41. Qd2 d3 42. Re3 Ne4 43. Qxd3 Qxf2+ 44. Kh3 Rc3 0-1

[Event "Memorial Tal - Rapid"]
[Site "Mosca"]
[Date "02.03.2018"]
[Round "3R"]
[White "Anand,V"]
[Black "Mamedyarov,S"]
[Result "0-1"]
[WhiteElo "2776"]
[BlackElo "2809"]
[EventDate "2018.03.02"]

1. e4 e6 2. d4 d5 3. Nc3 Bb4 4. e5 c5 5. a3 Ba5 6. b4 cxd4 7. Nb5 Bc7 8. f4
Bd7 9. Nxc7+ Qxc7 10. Nf3 Ba4 11. Ra2 Ne7 12. Nxd4 a6 13. Be3 Nbc6 14. Bd3
Nxd4 15. Bxd4 Bb5 16. O-O Nf5 17. Bf2 h5 18. a4 Bxd3 19. cxd3 Rc8 20. a5 d4
21. Ra1 Qd7 22. Qf3 Qd5 23. Qxd5 exd5 24. Rfc1 Kd7 25. Be1 f6 26. exf6 gxf6
27. Kf2 Ne3 28. Kf3 Nc2 29. Ra2 Nxe1+ 30. Rxe1 Rc3 31. Rae2 Rxd3+ 32. Kf2
Rh7 33. b5 axb5 34. Rb2 Kc6 35. Re6+ Kc5 36. Rb6 Ra3 37. Rxf6 d3 38. f5 Kd4
39. Rb4+ Kc3 40. Rxb5 Rd7 41. Rc5+ Kd4 42. Rc1 Ra2+ 43. Kf3 d2 44. Rd1 Kd3
45. Re6 d4 46. f6 Ra3 0-1

[Event "Memorial Tal - Rapid"]
[Site "Mosca"]
[Date "02.03.2018"]
[Round "3R"]
[White "Nakamura,Hi"]
[Black "Nepomniachtchi,I"]
[Result "1-0"]
[WhiteElo "2787"]
[BlackElo "2751"]
[EventDate "2018.03.02"]

1. d4 Nf6 2. c4 g6 3. Nf3 Bg7 4. e3 O-O 5. Be2 c5 6. d5 e6 7. Nc3 b6 8. O-O
exd5 9. cxd5 Re8 10. Nd2 Ba6 11. Re1 d6 12. e4 Qc8 13. a4 c4 14. b4 cxb3
15. Bb2 Bxe2 16. Rxe2 Nh5 17. Rc1 Na6 18. Nb5 Qg4 19. Bxg7 Kxg7 20. Nxd6
Red8 21. h3 Qg5 22. Nf3 Qf4 23. e5 Nc5 24. Rc4 Qh6 25. Rh4 Kg8 26. g4 b2
27. gxh5 Qc1 28. Re1 Qxd1 29. Rxd1 Nd3 30. hxg6 hxg6 31. Rd4 Nc1 32. Rb4
Ne2+ 33. Kg2 Nc3 34. Re1 b1=Q 35. Rbxb1 Nxb1 36. Rxb1 f6 37. Rc1 fxe5 38.
Rc6 1-0

[Event "Memorial Tal - Rapid"]
[Site "Mosca"]
[Date "02.03.2018"]
[Round "3R"]
[White "Karjakin,Sergey"]
[Black "Dubov,Daniil"]
[Result "1/2-1/2"]
[WhiteElo "2763"]
[BlackElo "2701"]
[EventDate "2018.03.02"]

1. Nf3 c5 2. b3 b6 3. Bb2 Bb7 4. c4 Nf6 5. g3 g6 6. Bg2 Bg7 7. O-O O-O 8.
e3 d6 9. Nc3 Nbd7 10. d4 Ne4 11. Rc1 Nxc3 12. Bxc3 Be4 13. Qe2 a6 14. Rfd1
Qb8 15. Bh3 Bxf3 16. Qxf3 Rd8 17. Bg2 Ra7 18. h4 b5 19. Ba5 Rc8 20. Qe2 b4
21. a3 bxa3 22. Qa2 cxd4 23. exd4 e5 24. dxe5 Nxe5 25. Qxa3 Nc6 26. Bxc6
Rxc6 27. Rd3 Re7 28. Rcd1 Re6 29. Bd2 h5 30. Bf4 Be5 31. Bxe5 Rxe5 32. Rxd6
Rxd6 33. Rxd6 Re1+ 34. Kh2 Re2 35. Kg2 Qa8+ 36. Rd5 Qe8 37. b4 Qe4+ 38. Qf3
Qxc4 39. Qd3 1/2-1/2

[Event "Memorial Tal - Rapid"]
[Site "Mosca"]
[Date "02.03.2018"]
[Round "3R"]
[White "Grischuk,A"]
[Black "Gelfand,B"]
[Result "1/2-1/2"]
[WhiteElo "2767"]
[BlackElo "2695"]
[EventDate "2018.03.02"]

1. b3 e5 2. Bb2 Nc6 3. e3 g6 4. c4 Bg7 5. Nc3 Nf6 6. Nf3 O-O 7. d4 d6 8.
Be2 Bf5 9. d5 Nb4 10. O-O a5 11. a3 Na6 12. Nh4 Bd7 13. Nf3 Bf5 14. Nh4 Bd7
15. Nf3 Bf5 1/2-1/2

[Event "Memorial Tal - Rapid"]
[Site "Mosca"]
[Date "03.03.2018"]
[Round "4R"]
[White "Kramnik,V"]
[Black "Gelfand,B"]
[Result "1/2-1/2"]
[WhiteElo "2800"]
[BlackElo "2695"]
[EventDate "2018.03.02"]

1. Nf3 c5 2. b3 d6 3. c4 g6 4. Bb2 e5 5. g3 Nc6 6. Bg2 Bg7 7. O-O Nge7 8.
Nc3 O-O 9. d3 h6 10. Nd2 Be6 11. a3 Qd7 12. b4 cxb4 13. axb4 Nxb4 14. Ba3
a5 15. Rb1 e4 16. Na4 Ra6 17. Nxe4 b5 18. cxb5 Qxb5 19. Bb2 Ned5 20. Bxg7
Kxg7 21. Rc1 Bd7 22. Nac3 Nxc3 23. Rxc3 Qe5 24. d4 Qe7 25. Qa1 Bf5 26. f3
Qa7 27. e3 Nd5 28. Ra3 Rc8 29. g4 Bxe4 30. fxe4 Nb4 31. d5+ Kg8 32. Rc3 Re8
33. Qa4 Qe7 34. Rc7 Qxc7 35. Qxe8+ Kg7 36. e5 dxe5 37. Be4 Ra7 38. Bxg6
fxg6 39. Qf8+ Kh7 40. d6 Qg7 41. Qe8 Qd7 42. Qxe5 Qxg4+ 43. Kh1 Qc4 44. Rf8
Rg7 45. e4 Nd3 46. Qe8 Qc1+ 47. Kg2 Qd2+ 48. Kg1 Qe3+ 49. Kf1 Qe1+ 50. Kg2
Qe2+ 51. Kg1 Qd1+ 52. Kg2 Qd2+ 53. Kg1 Qc1+ 54. Kg2 Qd2+ 55. Kg1 Qc1+ 56.
Kg2 Qd2+ 1/2-1/2

[Event "Memorial Tal - Rapid"]
[Site "Mosca"]
[Date "03.03.2018"]
[Round "4R"]
[White "Dubov,Daniil"]
[Black "Grischuk,A"]
[Result "1/2-1/2"]
[WhiteElo "2701"]
[BlackElo "2767"]
[EventDate "2018.03.02"]

1. Nf3 Nf6 2. d4 g6 3. Nbd2 Bg7 4. e4 d6 5. Bb5+ c6 6. Bd3 O-O 7. O-O c5 8.
c3 cxd4 9. cxd4 e5 10. Re1 exd4 11. Nxd4 Ng4 12. N4f3 Nc6 13. Nc4 Be6 14.
Bg5 Bf6 15. Bf4 Nge5 16. Ncxe5 Nxe5 17. Nd4 Bd7 18. Be2 Qb6 19. Qd2 Nd3 20.
Bxd3 Bxd4 21. Be3 Be6 22. Bf1 Bxe3 23. Rxe3 Rac8 24. a3 1/2-1/2

[Event "Memorial Tal - Rapid"]
[Site "Mosca"]
[Date "03.03.2018"]
[Round "4R"]
[White "Nepomniachtchi,I"]
[Black "Karjakin,Sergey"]
[Result "1/2-1/2"]
[WhiteElo "2751"]
[BlackElo "2763"]
[EventDate "2018.03.02"]

1. Nf3 d5 2. g3 c6 3. c4 Nf6 4. Bg2 dxc4 5. O-O Nbd7 6. Na3 Nb6 7. Qc2 Be6
8. Ng5 Bg4 9. Nxc4 Bxe2 10. Ne5 Bh5 11. b4 e6 12. b5 Bd6 13. Bb2 Bxe5 14.
Bxe5 Bg6 15. Qb3 Rc8 16. bxc6 bxc6 17. Rac1 O-O 18. Bxc6 Qxd2 19. Nf3 Qd3
20. Nd4 Ng4 21. Rc3 Qd2 22. Nf3 Qd8 23. Rd1 Nd5 24. Bxd5 exd5 25. Rxd5 Qb6
1/2-1/2

[Event "Memorial Tal - Rapid"]
[Site "Mosca"]
[Date "03.03.2018"]
[Round "4R"]
[White "Mamedyarov,S"]
[Black "Nakamura,Hi"]
[Result "1/2-1/2"]
[WhiteElo "2809"]
[BlackElo "2787"]
[EventDate "2018.03.02"]

1. d4 Nf6 2. c4 e6 3. Nf3 d5 4. Nc3 Be7 5. Bf4 O-O 6. e3 c5 7. dxc5 Bxc5 8.
Qc2 Nc6 9. Rd1 Qa5 10. a3 Re8 11. Nd2 e5 12. Bg5 Nd4 13. Qb1 Bf5 14. Bd3
Bxd3 15. Qxd3 Ne4 16. Nxd5 Nxg5 17. exd4 Bxd4 18. b4 Qd8 19. Qb3 Ne6 20.
O-O Nc7 21. Ne3 Qf6 22. c5 b6 23. Ne4 Qe6 24. Qxe6 Rxe6 25. Nf5 bxc5 26.
Nxc5 Bxc5 27. bxc5 Na6 28. Rd5 g6 29. Nd6 Rd8 30. Rfd1 Nxc5 31. Nxf7 Rxd5
32. Rxd5 Kxf7 33. Rxc5 1/2-1/2

[Event "Memorial Tal - Rapid"]
[Site "Mosca"]
[Date "03.03.2018"]
[Round "4R"]
[White "Svidler,P"]
[Black "Anand,V"]
[Result "1/2-1/2"]
[WhiteElo "2760"]
[BlackElo "2776"]
[EventDate "2018.03.02"]

1. Nf3 Nf6 2. c4 e6 3. Nc3 d5 4. d4 Be7 5. Qc2 c5 6. cxd5 cxd4 7. Nxd4 O-O
8. Bg5 Nxd5 9. Bxe7 Nxe7 10. Rd1 Qb6 11. Qb3 Qxb3 12. Nxb3 Nbc6 13. g3 b6
14. Bg2 Rb8 15. O-O Ba6 16. Nd4 Bb7 17. Nxc6 Bxc6 18. Bxc6 Nxc6 19. Rd7
Rfd8 20. Rfd1 Kf8 21. Rc7 Rxd1+ 22. Nxd1 Rd8 23. Nc3 Nb4 24. Rxa7 Rd2 25.
Rb7 Rxb2 26. Rxb6 Rc2 27. Rxb4 Rxc3 28. a4 Ra3 29. Rb8+ Ke7 30. Ra8 g5 31.
a5 g4 32. a6 Kf6 33. a7 Ra1+ 34. Kg2 Ra2 35. f3 Rxe2+ 36. Kf1 Ra2 37. fxg4
h6 38. h4 Kg7 39. Ke1 e5 40. Kd1 e4 41. Ke1 1/2-1/2

[Event "Memorial Tal - Rapid"]
[Site "Mosca"]
[Date "03.03.2018"]
[Round "5R"]
[White "Anand,V"]
[Black "Kramnik,V"]
[Result "1/2-1/2"]
[WhiteElo "2776"]
[BlackElo "2800"]
[EventDate "2018.03.02"]

1. e4 e5 2. Nf3 Nc6 3. Bc4 Bc5 4. c3 Nf6 5. d3 O-O 6. Nbd2 d5 7. exd5 Nxd5
8. Ne4 Bb6 9. O-O Bg4 10. h3 Bh5 11. Ng3 Bg6 12. Re1 Re8 13. d4 Nf6 14.
dxe5 Qxd1 15. Rxd1 Nxe5 16. Nxe5 1/2-1/2

[Event "Memorial Tal - Rapid"]
[Site "Mosca"]
[Date "03.03.2018"]
[Round "5R"]
[White "Nakamura,Hi"]
[Black "Svidler,P"]
[Result "1/2-1/2"]
[WhiteElo "2787"]
[BlackElo "2760"]
[EventDate "2018.03.02"]

1. d4 Nf6 2. Bf4 e6 3. e3 d5 4. Nd2 Bd6 5. Ngf3 O-O 6. Bd3 c5 7. c3 Nc6 8.
Bg3 b6 9. e4 Be7 10. e5 Nh5 11. Nf1 cxd4 12. Nxd4 Nxd4 13. cxd4 g6 14. Ne3
f5 15. exf6 Bxf6 16. Be2 Nxg3 17. hxg3 e5 18. dxe5 Bxe5 19. Qd2 Be6 20. O-O
d4 21. Nc4 Bg7 22. Rae1 Qc7 23. b3 Rae8 24. Na3 Bf5 25. Bc4+ Kh8 26. Bd3
Bxd3 27. Qxd3 Qc3 28. Qxc3 dxc3 29. Nc2 Bh6 30. f4 g5 31. Rxe8 Rxe8 32. Rf3
gxf4 33. gxf4 Re2 34. Rxc3 Bxf4 35. Kf1 Rd2 36. a4 Kg7 37. Ne3 Bxe3 1/2-1/2

[Event "Memorial Tal - Rapid"]
[Site "Mosca"]
[Date "03.03.2018"]
[Round "5R"]
[White "Karjakin,Sergey"]
[Black "Mamedyarov,S"]
[Result "1/2-1/2"]
[WhiteElo "2763"]
[BlackElo "2809"]
[EventDate "2018.03.02"]

1. Nf3 d5 2. d4 Nf6 3. c4 e6 4. Nc3 dxc4 5. e4 Bb4 6. Bxc4 Nxe4 7. O-O Nxc3
8. bxc3 Be7 9. Ne5 O-O 10. Re1 Nc6 11. Qg4 f5 12. Qf3 Nxe5 13. Rxe5 Kh8 14.
Bf4 Bd6 15. Re2 Bxf4 16. Qxf4 Qd6 17. Re5 Bd7 18. Rae1 Rf6 19. h4 h6 20.
Bb3 a5 21. Qe3 b5 22. d5 a4 23. dxe6 axb3 24. exd7 Qxd7 25. axb3 f4 26. Qf3
Rd8 27. b4 c6 28. h5 Rf5 29. R1e4 Qd1+ 30. Qxd1 Rxd1+ 31. Kh2 Rd5 32. Rxf5
Rxf5 33. Kg1 c5 34. bxc5 Rxc5 35. Rxf4 Rxc3 36. Rf8+ Kh7 37. Rb8 Rc1+
1/2-1/2

[Event "Memorial Tal - Rapid"]
[Site "Mosca"]
[Date "03.03.2018"]
[Round "5R"]
[White "Grischuk,A"]
[Black "Nepomniachtchi,I"]
[Result "1/2-1/2"]
[WhiteElo "2767"]
[BlackElo "2751"]
[EventDate "2018.03.02"]

1. e4 c5 2. Nc3 d6 3. f4 g6 4. Nf3 Bg7 5. Bc4 Nc6 6. O-O e6 7. d4 cxd4 8.
Nb5 Nge7 9. Bb3 O-O 10. Nbxd4 Nxd4 11. Nxd4 a6 12. c3 b5 13. Be3 Qc7 14.
Qd2 e5 15. fxe5 dxe5 16. Nf3 Be6 17. Bxe6 fxe6 18. Rfd1 Rad8 19. Qc2 h6 20.
a4 Rxd1+ 21. Rxd1 g5 22. b4 Ng6 23. Bc5 Rd8 24. Rxd8+ Qxd8 25. axb5 axb5
26. g3 Bf8 27. Be3 g4 28. Nd2 Qd7 29. Kf1 h5 30. Ke2 h4 31. Qd3 Qc6 32. Nb3
Qb7 33. Kd2 Qa8 34. Na5 h3 35. Kc2 Nh8 36. Kb2 Nf7 37. Nb3 Be7 38. Nd2 Bg5
39. Bxg5 Nxg5 40. Qe2 Qa7 41. Qxg4 Qe3 42. Nf3 Qxf3 43. Qxg5+ Kf7 44. Qxe5
Qe2+ 45. Ka3 Qxh2 46. Qh5+ Kg7 47. Qg4+ Kf7 48. Qf4+ Kg6 49. Qg4+ Kf7 50.
Qf4+ 1/2-1/2

[Event "Memorial Tal - Rapid"]
[Site "Mosca"]
[Date "03.03.2018"]
[Round "6R"]
[White "Kramnik,V"]
[Black "Dubov,Daniil"]
[Result "1-0"]
[WhiteElo "2800"]
[BlackElo "2701"]
[EventDate "2018.03.02"]

1. Nf3 Nf6 2. d4 g6 3. g3 Bg7 4. Bg2 O-O 5. O-O d5 6. c3 c6 7. Nbd2 Nbd7 8.
Re1 c5 9. a4 cxd4 10. cxd4 a5 11. Nb1 Nb8 12. Nc3 Nc6 13. Ne5 Bf5 14. Bg5
Nb4 15. Rc1 Ne4 16. Be3 Nxc3 17. bxc3 Nc6 18. Qb3 Bxe5 19. dxe5 Be4 20.
Bxe4 dxe4 21. e6 Qc8 22. Bh6 f5 23. Bxf8 Qxf8 24. Qxb7 Ne5 25. Qd5 Ng4 26.
h3 Nf6 27. Qe5 Qh6 28. Kg2 1-0

[Event "Memorial Tal - Rapid"]
[Site "Mosca"]
[Date "03.03.2018"]
[Round "6R"]
[White "Nepomniachtchi,I"]
[Black "Gelfand,B"]
[Result "1/2-1/2"]
[WhiteElo "2751"]
[BlackElo "2695"]
[EventDate "2018.03.02"]

1. Nf3 c5 2. c4 Nc6 3. Nc3 Nf6 4. e3 e6 5. d4 d5 6. a3 dxc4 7. Bxc4 a6 8.
O-O b5 9. Ba2 Bb7 10. Qe2 Qc7 11. Bd2 Rd8 12. Rfc1 cxd4 13. exd4 Be7 14. d5
exd5 15. Bg5 O-O 16. Bxf6 Bxf6 17. Nxd5 Qd6 18. Re1 Nd4 19. Nxf6+ Qxf6 20.
Nxd4 Rxd4 21. Rad1 Re4 22. Qd2 Qg6 23. Bd5 Bxd5 24. Qxd5 Rxe1+ 25. Rxe1 Qc2
26. Qd4 h6 27. h4 Qc7 28. h5 Rd8 29. Qe3 Qc2 30. Qe5 Rd1 31. Rxd1 Qxd1+ 32.
Kh2 Qb3 33. f3 a5 34. Kg3 a4 35. Qd4 Qc2 36. Qe5 Qc6 37. Qb8+ 1/2-1/2

[Event "Memorial Tal - Rapid"]
[Site "Mosca"]
[Date "03.03.2018"]
[Round "6R"]
[White "Mamedyarov,S"]
[Black "Grischuk,A"]
[Result "1/2-1/2"]
[WhiteElo "2809"]
[BlackElo "2767"]
[EventDate "2018.03.02"]

1. d4 Nf6 2. c4 g6 3. Nf3 Bg7 4. g3 c5 5. Bg2 cxd4 6. Nxd4 O-O 7. O-O d5 8.
cxd5 Nxd5 9. Nb3 e6 10. Nc3 Nc6 11. Bd2 Nxc3 12. Bxc3 Bxc3 13. bxc3 Qc7 14.
c4 Rd8 15. Qc1 Bd7 16. Qe3 Ne7 17. Rfd1 Bc6 18. Rxd8+ Qxd8 19. Rc1 1/2-1/2

[Event "Memorial Tal - Rapid"]
[Site "Mosca"]
[Date "03.03.2018"]
[Round "6R"]
[White "Svidler,P"]
[Black "Karjakin,Sergey"]
[Result "1/2-1/2"]
[WhiteElo "2760"]
[BlackElo "2763"]
[EventDate "2018.03.02"]

1. c4 Nf6 2. Nc3 e6 3. d4 Bb4 4. e3 O-O 5. Nge2 d5 6. a3 Be7 7. cxd5 exd5
8. g3 Re8 9. Bg2 a5 10. O-O Na6 11. h3 c6 12. g4 Nc7 13. Ng3 Nd7 14. f4 b5
15. e4 dxe4 16. Ncxe4 Ra6 17. f5 c5 18. dxc5 Nxc5 19. Be3 Nxe4 20. Nxe4 Bb7
21. Qc2 Nd5 22. Bc5 Qc7 23. Rac1 Rc6 24. Qf2 Rc8 25. b4 axb4 26. axb4 Nxb4
27. Bxe7 Rxc1 28. Bxb4 Rxf1+ 29. Qxf1 Qc4 30. Nf6+ gxf6 31. Bxb7 Qxf1+ 32.
Kxf1 Rc4 33. Bd2 b4 34. Ba6 Rd4 35. Ke2 b3 36. Bd3 Ra4 37. Bc3 Ra2+ 38. Ke3
Rh2 39. Bxf6 Rxh3+ 40. Kd2 Rg3 41. g5 Rf3 42. Be4 Rf2+ 43. Kc3 Re2 44. Bd5
b2 45. Ba2 Rf2 46. Bb1 Rg2 47. Bc2 Rh2 48. Kxb2 h6 49. gxh6 Rxh6 50. Bd4
Rc6 51. Kb3 Rc8 52. Be4 Rc7 53. Kb4 Rc8 54. Bd5 Rc7 55. Kb5 Rc1 56. Bc4 Rc2
57. Kc5 Rc1 58. Kd5 Re1 59. Be5 Rd1+ 60. Ke4 Re1+ 61. Kf4 Rc1 62. Bb3 Rb1
63. Ba2 Rb5 64. Ke4 Ra5 65. Bd5 Ra4+ 66. Bd4 Ra5 67. Ke5 Ra6 68. Bb7 Ra4
69. Bc5 Ra5 70. Kd6 Kg7 71. Bd4+ Kg8 72. Bd5 Ra4 73. Bc3 Ra3 74. Bf6 Ra7
75. Be7 Ra5 76. f6 Ra1 77. Bc6 Ra7 78. Kc5 Ra6 79. Kb5 Ra1 80. Kb6 Ra2 81.
Kc7 Rd2 82. Bd7 Kh7 83. Kd8 Kg6 84. Ke8 Rf2 85. Bb5 Rxf6 86. Bd3+ Kg7
1/2-1/2

[Event "Memorial Tal - Blitz"]
[Site "Mosca"]
[Date "05.03.2018"]
[Round "1B"]
[White "Morozevich,A"]
[Black "Nakamura,Hi"]
[Result "1/2-1/2"]
[WhiteElo "2665"]
[BlackElo "2787"]
[EventDate "2018.03.02"]

1. e4 e5 2. Nf3 Nc6 3. Nc3 Nf6 4. d4 exd4 5. Nxd4 Bb4 6. Nxc6 bxc6 7. Bd3
d5 8. exd5 cxd5 9. O-O O-O 10. h3 c6 11. Qf3 Bd6 12. Bf4 Rb8 13. b3 Rb4 14.
Bxd6 Qxd6 15. Rfe1 Be6 16. Rad1 c5 17. Bc4 d4 18. Bxe6 fxe6 19. Ne4 Nxe4
20. Qxe4 Rb6 21. c3 Rf4 22. Qe5 Qxe5 23. Rxe5 c4 24. Rxd4 Rxd4 25. cxd4
cxb3 26. axb3 Rxb3 27. Rxe6 Rb1+ 28. Kh2 Rd1 29. Ra6 Rxd4 30. Rxa7 Rd3 31.
f3 Rd2 32. Kg3 g6 33. f4 Rb2 34. Kf3 h5 1/2-1/2

[Event "Memorial Tal - Blitz"]
[Site "Mosca"]
[Date "05.03.2018"]
[Round "1B"]
[White "Svidler,P"]
[Black "Kramnik,V"]
[Result "1/2-1/2"]
[WhiteElo "2760"]
[BlackElo "2800"]
[EventDate "2018.03.02"]

1. Nf3 d5 2. g3 Nf6 3. Bg2 e6 4. O-O Be7 5. c4 O-O 6. Qc2 d4 7. d3 Nc6 8.
a3 a5 9. e3 e5 10. exd4 exd4 11. Re1 Re8 12. Bg5 h6 13. Bxf6 Bxf6 14. Rxe8+
Qxe8 15. Nbd2 Bf5 16. Re1 Qd7 17. Ne4 Bxe4 18. Rxe4 Re8 19. Bh3 Qd8 20. Qe2
Rxe4 21. Qxe4 g6 22. Kf1 Kg7 23. Nd2 h5 24. Bg2 Ne5 25. h3 c6 26. Nf3
1/2-1/2

[Event "Memorial Tal - Blitz"]
[Site "Mosca"]
[Date "05.03.2018"]
[Round "1B"]
[White "Karjakin,Sergey"]
[Black "Grischuk,A"]
[Result "1-0"]
[WhiteElo "2763"]
[BlackElo "2767"]
[EventDate "2018.03.02"]

1. b3 d5 2. Bb2 Bf5 3. Nf3 e6 4. g3 h6 5. Bg2 Nf6 6. O-O Be7 7. c4 O-O 8.
d3 Bh7 9. Nbd2 a5 10. a3 c6 11. Qb1 Na6 12. Bc3 c5 13. cxd5 exd5 14. e4 b5
15. Re1 Qb6 16. a4 Nc7 17. axb5 Qxb5 18. Ra4 Ne6 19. Qa1 Bd8 20. Ne5 dxe4
21. dxe4 Nd4 22. Bxd4 cxd4 23. Nec4 Rb8 24. Qxd4 Bc7 25. e5 Rfd8 26. Qa7
Ne8 27. Qe3 Bf5 28. Bf1 Qd5 29. Nf3 Bd7 30. Ra2 Bc6 31. Bg2 Qd3 32. Qxd3
Rxd3 33. Nfd2 Bd7 34. Be4 Rc3 35. Kg2 Rb5 36. f4 Kf8 37. Re3 Rxe3 38. Nxe3
f6 39. Nd5 Bd8 40. Nf3 f5 41. Nd4 fxe4 42. Nxb5 Bxb5 43. Rc2 Bd7 44. Rc5
Kf7 45. Kf2 g5 46. Ke3 gxf4+ 47. gxf4 Ng7 48. Kxe4 Bf5+ 49. Ke3 Be6 50. Kf3
Nf5 51. Ke4 Nh4 52. Rb5 Bf5+ 53. Kd4 Nf3+ 54. Kc5 Nxh2 55. Kd6 Nf3 56. e6+
Bxe6 57. Rb7+ Kg6 58. Kxe6 Nd4+ 59. Ke5 Nf3+ 60. Ke4 Nd2+ 61. Ke3 Nf1+ 62.
Ke2 Ng3+ 63. Kf3 Nf5 64. Rb8 Bh4 65. Rb6+ Kf7 66. Kg4 Bf2 67. Kxf5 1-0